Bible by Letter - S #2 - Statistics

General Stats
  • This quiz has been taken 16 times
    11 since last reset
  • The average score is 10 of 15
Answer Stats
Hint Answer % Correct
Wife of Abraham Sarah
100%
Third son of Adam and Eve Seth
100%
Notably wise King of Israel Solomon
100%
Let whoever is without sin cast the first... Stone
100%
Mountain that Moses went up to receive the ten commandments Sinai
90%
Name for the Bible manuscripts found around the Dead Sea Dead Sea {Scrolls}
80%
Tempted Jesus in the wilderness Satan
80%
Son of Noah Shem
70%
Component of the armour of God: {Shield} of Faith
70%
Commonly known as the first martyr Stephen
60%
Priest who thought Eli was calling his name Samuel
40%
Last Fruit of the Spirit Self control
40%
Another name for 'Hell', used in Psalms 139 Sheol
40%
City which was destroyed alongside Tyre Sidon
40%
Religious group who apposed Jesus Sadducee
10%
No matching quizzes found
Score Distribution
Percent of People with Each Score
Percentile by Number Answered
Your Score History
You have not taken this quiz since the last reset